Lost discoveries (Record no. 15499)

MARC details
000 -LEADER
fixed length control field 00592nam a2200181Ia 4500
003 - CONTROL NUMBER IDENTIFIER
control field IN-BaIIA
008 - FIXED-LENGTH DATA ELEMENTS--GENERAL INFORMATION
fixed length control field 211028s9999 xx 000 0 eng d
020 ## - INTERNATIONAL STANDARD BOOK NUMBER
International Standard Book Number 0-684-83718-8
040 ## - CATALOGING SOURCE
Transcribing agency IIA Library
080 ## - UNIVERSAL DECIMAL CLASSIFICATION NUMBER
Universal Decimal Classification number 5(091)
Item number TER
100 ## - MAIN ENTRY--PERSONAL NAME
Personal name Teresi, D.
9 (RLIN) 28614
245 #0 - TITLE STATEMENT
Title Lost discoveries
Remainder of title the ancient roots of modern science-- from the Babylonians to the Maya
Statement of responsibility, etc. D. Teresi
260 ## - PUBLICATION, DISTRIBUTION, ETC.
Place of publication, distribution, etc. New York
Name of publisher, distributor, etc. Simon and Schuster
Date of publication, distribution, etc. 2002
300 ## - PHYSICAL DESCRIPTION
Extent vii, 453p.
650 ## - SUBJECT ADDED ENTRY--TOPICAL TERM
Topical term or geographic name entry element Science- History
9 (RLIN) 2970
650 ## - SUBJECT ADDED ENTRY--TOPICAL TERM
Topical term or geographic name entry element Science, Ancient
9 (RLIN) 28615
942 ## - ADDED ENTRY ELEMENTS (KOHA)
Koha item type Books
Holdings
Withdrawn status Lost status Damaged status Not for loan Home library Current library Shelving location Date acquired Source of acquisition Cost, normal purchase price Total Checkouts Full call number Barcode Date last seen Cost, replacement price Price effective from Koha item type Purchase Price
        IIA Library-Bangalore IIA Library-Bangalore General Stacks 06/11/2003 EDS 765.64   5(091)/ TER 16421 05/11/2021 765.64 06/11/2003 Books Rs. 765.64

Powered by Koha